000 00492nam a2200169Ia 4500
008 240729s9999 xx 000 0 und d
022 _a1743-0003
245 0 _aJournal of NeuroEngineering and Rehabilitation
260 _aUnited Kingdom
260 _bBMC
650 _a Internal medicine
650 _a Neurosciences. Biological psychiatry. Neuropsychiatry
650 _aMedicine
856 _uhttps://doaj.org/toc/a409357b19b94f8c8a9cd4fbb9d6f211
942 _2ddc
942 _cDOAJEJ
999 _c74331
_d74331
945 _a1
_bMadushi Gamage
_c1
_dMadushi Gamage